Le monde grec - 6ème - Statistiques

Statistiques générales
  • Ce quiz a été pris 243 fois
  • Le résultat moyen est 7 sur 10
Statistiques - réponses
Question Réponse % Correct
Comment appelle t-on une religion ayant plusieurs dieux ? Religion Polythéiste.
93%
Comment s'appellent les deux livres rédigés par Homère au VIIIème s. av. J-C ? L'Iliade et l'Odyssée.
88%
Comment appelle t-on le plus puissant des dieux, dieu des dieux, du ciel et de l'orage. Zeus.
88%
De quelle terme la phrase suivante est-elle la définition : " Petit territoire indépendant constitué d'une ville et de la campagne autour " ? Une cité-état.
87%
Laquelle de ces villes n'est pas une cité grecque ? Rome.
60%
Quel mesure générale était imposée à tout les grecs durant la période des Jeux Olympiques ? Une trêve générale.
60%
Quel est le nom de l'Assemblée rassemblant tout les citoyens athéniens pour voter les lois, le budget, la guerre ? L'Ecclésia.
59%
Où se déroulaient les Jeux Olympiques ? Olympie.
58%
Dans quel pays moderne ne retrouve t-on pas de colonie grecque antique ? Allemagne.
55%
Quel pourcentage de la population athénienne a le droit de participer à la vie politique ? 13%
47%
Aucun quiz correspondant
Distribution des résultats
% des personnes avec chaque résultat
Percentile par nombre de réponses
Votre historique - résultats
Vous n’avez pas pris ce quiz